Statistics for Wwe my own draft round night one 1,2,3,and 4

Click here to take the quiz!

General Stats

  • This quiz has been taken 27 times
  • The average score is 5 of 16

Answer Stats

HintAnswer% Correct
Going to smackdownRoman Reigns
100%
Going to smackdownSeth Rollins
84%
Going to rawJohn Cena
53%
Going to smackdownRandy Orton
47%
Going to rawThe Miz
47%
Going to RawAJ Styles
32%
Going to smackdownBecky Lynch
21%
Going to rawCesaro
21%
Going to smackdownCharlotte Flair
21%
Going to rawJohn Morrison
16%
Going to smackdownMatt Riddle
16%
Going to smackdownSasha Banks
16%
Going to smackdownKarrion Kross
11%
Going to rawOmos
11%
Going to RawR Truth
11%
Going to RawVeer and Jinder Mahal
5%

Score Distribution

Percentile by Number Answered

Percent of People with Each Score

Your Score History

You have not taken this quiz